Thoolikanamam Radha/ (Record no. 141671)

000 -LEADER
fixed length control field 00445nam a22001577a 4500
020 ## - INTERNATIONAL STANDARD BOOK NUMBER
International Standard Book Number 9789384075170
082 ## - DEWEY DECIMAL CLASSIFICATION NUMBER
Classification number M301
Item number LAT/T
100 ## - MAIN ENTRY--PERSONAL NAME
Personal name Lathalekshmi
9 (RLIN) 154923
245 ## - TITLE STATEMENT
Title Thoolikanamam Radha/
Statement of responsibility, etc. by Lathalekshmi
260 ## - PUBLICATION, DISTRIBUTION, ETC.
Place of publication, distribution, etc. Kottayam:
Name of publisher, distributor, etc. Sahithay Pravarthaka Co-operative Society,
Date of publication, distribution, etc. 2014.
300 ## - PHYSICAL DESCRIPTION
Extent 76p.
650 ## - SUBJECT ADDED ENTRY--TOPICAL TERM
Topical term or geographic name entry element Stories Malayalam
9 (RLIN) 154924
650 ## - SUBJECT ADDED ENTRY--TOPICAL TERM
Topical term or geographic name entry element Literature Malayalam
9 (RLIN) 154925
650 ## - SUBJECT ADDED ENTRY--TOPICAL TERM
Topical term or geographic name entry element Literature
9 (RLIN) 154926
942 ## - ADDED ENTRY ELEMENTS (KOHA)
Koha item type Book
Holdings
Withdrawn status Lost status Damaged status Not for loan Permanent Location Current Location Shelving location Date acquired Cost, normal purchase price Total Checkouts Full call number Barcode Date last seen Price effective from Koha item type
        Sree Sankaracharya University of Sanskrit Sree Sankaracharya University of Sanskrit Stacks 27.04.2019 55.00   M301 LAT/T 095024 27.04.2019 27.04.2019 Book